| 000 | 00611ata a2200241 4500 | ||
|---|---|---|---|
| 005 | 20231010161402.0 | ||
| 008 | 150519b xxu||||| |||| 00| 0 spa d | ||
| 041 | _aspa | ||
| 082 | _a155.23 C961l | ||
| 100 |
_aCuauhtemoc Sánchez, Carlos _98356 |
||
| 245 | _aLeyes eternas | ||
| 260 |
_aMéxico _bEdiciones Selectas Diamante _c1998 |
||
| 300 | _a142 páginas | ||
| 500 | _aVOLUMEN 1 | ||
| 650 | _aSUPERACIÓN PERSONAL | ||
| 650 | _aRELACIONES HUMANAS | ||
| 650 | _aPAREJA | ||
| 650 | _aPADRES | ||
| 650 | _aHIJOS | ||
| 650 | _aESPÍRITU | ||
| 650 | _aMENTE | ||
| 942 |
_cLIT _2ddc |
||
| 999 |
_c5678 _d5678 |
||